000 01550nam a2200349Ia 4500
001 vtls003203899
003 MY-SjTCS
005 20200306164208.0
006 m u
007 cr cn|||||||||
008 100712s2003 vaua gsb 001 0 eng d
020 _z0871209446
035 _a(CaPaEBR)ebr10048758
039 9 _y201007121812
_zVLOAD
040 _aCaPaEBR
_cCaPaEBR
050 1 4 _aLC4091
_b.C56 2003eb
245 0 0 _aClosing the achievement gap
_h[electronic resource] :
_ba vision for changing beliefs and practices /
_cedited by Belinda Williams.
250 _a2nd ed.
260 _aAlexandria, Va. :
_bAssociation for Supervision and Curriculum Development,
_cc2003.
300 _a213 p. :
_bill.
504 _aIncludes bibliographical references and index.
529 _aTSLHHL
533 _aElectronic reproduction.
_bPalo Alto, Calif. :
_cebrary,
_d2009.
_nAvailable via World Wide Web.
_nAccess may be limited to ebrary affiliated libraries.
650 0 _aChildren with social disabilities
_xEducation
_zUnited States.
_927539
650 0 _aEducation, Urban
_xSocial aspects
_zUnited States.
_9247331
650 0 _aAcademic achievement
_zUnited States.
_921877
650 0 _aEducational change
_zUnited States.
_910961
655 7 _aElectronic books.
_2local
_9201578
700 1 _aWilliams, Belinda.
_9247332
710 2 _aebrary, Inc.
_925628
856 4 0 _uhttps://ezproxy.taylors.edu.my/login?url=http://site.ebrary.com/lib/taylorscollege/Doc?id=10048758
_zAn electronic book accessible through the World Wide Web; click to view
999 _c48264